[Event "Skakligaen 2005/06"]
[Site "Denmark"]
[Date "2005.11.05"]
[Round "1.7"]
[White "Jacobsen, Bo"]
[Black "Nielsen, Jorgen G"]
[Result "1-0"]
[WhiteElo "2279"]
[BlackElo "2149"]
[PlyCount "65"]
[EventDate "2005.11.05"]
[EventType "team"]
[EventRounds "9"]
[EventCountry "DEN"]
[WhiteTeam "Skolerne"]
[BlackTeam "Aalborg"]
[WhiteTeamCountry "DEN"]
[BlackTeamCountry "DEN"]

1. c4 Nf6 2. g3 d5 3. cxd5 Nxd5 4. Bg2 g6 5. Nc3 Nb6 6. d3 Bg7 7. Be3 O-O 8.
Qd2 N8d7 9. Bh6 Ne5 10. Bxg7 Kxg7 11. Ne4 Nd5 12. d4 Ng4 13. Nc3 c6 14. Nf3
Ngf6 15. O-O Bg4 16. Ne5 Qc8 17. Rfe1 Bh3 18. Bh1 Rd8 19. Rac1 Nb6 20. e3 Qf5
21. Qd1 Nbd7 22. Nd3 Ng4 23. Nf4 Nxf2 24. Kxf2 e5 25. dxe5 Nxe5 26. Qc2 Nd3+
27. Kg1 Nxe1 28. Qxf5 Bxf5 29. Rxe1 Rd2 30. e4 Be6 31. b3 Rad8 32. h4 Rc2 33.
Re3 1-0

[Event "Skakligaen 2005/06"]
[Site "Denmark"]
[Date "2005.11.05"]
[Round "1.8"]
[White "Andersen, Soren"]
[Black "Rewitz, Poul"]
[Result "1-0"]
[WhiteElo "2094"]
[BlackElo "2246"]
[PlyCount "77"]
[EventDate "2005.11.05"]
[EventType "team"]
[EventRounds "9"]
[EventCountry "DEN"]
[WhiteTeam "Aalborg"]
[BlackTeam "Skolerne"]
[WhiteTeamCountry "DEN"]
[BlackTeamCountry "DEN"]

1. d4 g6 2. c4 Bg7 3. Nc3 d6 4. e4 Nc6 5. Be3 e5 6. d5 Nce7 7. g4 c5 8. Bd3 a6
9. h3 b6 10. Bc2 Rb8 11. Ba4+ Bd7 12. Bxd7+ Qxd7 13. a4 f5 14. f3 h5 15. g5 f4
16. Bf2 h4 17. Rh2 Rh5 18. Rg2 Nc8 19. Ra2 Qd8 20. Kf1 Bf8 21. Qe1 Rb7 22. Bxh4
Rbh7 23. Bf2 Rxh3 24. Nxh3 Rxh3 25. Ke2 Qd7 26. Rg4 Be7 27. Qf1 Rh5 28. Qg2 Bd8
29. Ra1 Qh7 30. Rg1 Rh3 31. Qf1 Qh5 32. Be1 Rh2+ 33. Bf2 Rh3 34. Be1 Rh2+ 35.
R4g2 Rh3 36. Nd1 Nce7 37. Rg4 Nf5 38. exf5 gxf5 39. Qxh3 1-0

[Event "Skakligaen 2005/06"]
[Site "Denmark"]
[Date "2005.11.05"]
[Round "1.1"]
[White "Andreasen, Per Naesby"]
[Black "Naes, Flovin Tor"]
[Result "1/2-1/2"]
[WhiteElo "2280"]
[BlackElo "2281"]
[PlyCount "62"]
[EventDate "2005.11.05"]
[EventType "team"]
[EventRounds "9"]
[EventCountry "DEN"]
[WhiteTeam "Norresundby"]
[BlackTeam "Foroyar"]
[WhiteTeamCountry "DEN"]
[BlackTeamCountry "DEN"]

1. c4 e6 2. Nf3 d5 3. d4 c5 4. cxd5 exd5 5. g3 Nc6 6. Bg2 Nf6 7. O-O Be7 8. Nc3
O-O 9. dxc5 Bxc5 10. Bg5 d4 11. Bxf6 Qxf6 12. Ne4 Qe7 13. Nxc5 Qxc5 14. Rc1 Qb6
15. Qd2 Bf5 16. Rc4 Rad8 17. Rfc1 Rfe8 18. Rc5 Bg6 19. Nh4 Qa6 20. Nxg6 hxg6
21. Bxc6 bxc6 22. R1c4 Qxa2 23. Rxd4 Rb8 24. Rc2 Rb6 25. e3 Reb8 26. Rd8+ Kh7
27. Rxb8 Rxb8 28. h4 Rb5 29. e4 Qe6 30. Qd4 a5 31. Qc4 Qxc4 1/2-1/2

[Event "Skakligaen 2005/06"]
[Site "Denmark"]
[Date "2005.11.05"]
[Round "1.2"]
[White "Rasmussen, Rogvi Winthereig"]
[Black "Bentzen, Erik"]
[Result "1/2-1/2"]
[WhiteElo "2129"]
[BlackElo "2362"]
[PlyCount "46"]
[EventDate "2005.11.05"]
[EventType "team"]
[EventRounds "9"]
[EventCountry "DEN"]
[WhiteTeam "Foroyar"]
[BlackTeam "Norresundby"]
[WhiteTeamCountry "DEN"]
[BlackTeamCountry "DEN"]

1. d4 d5 2. c4 e6 3. Nf3 Nf6 4. g3 Be7 5. Bg2 O-O 6. O-O dxc4 7. Qc2 a6 8. Qxc4
b5 9. Qc2 Bb7 10. Bg5 Nbd7 11. Bxf6 Nxf6 12. Nbd2 Rc8 13. Nb3 Be4 14. Qc1 c5
15. dxc5 Qc7 16. Rd1 Bd5 17. Nfd4 Bxc5 18. Nxc5 Qxc5 19. Qxc5 Rxc5 20. Bxd5
Nxd5 21. Rac1 Rxc1 22. Rxc1 Ra8 23. Kf1 Kf8 1/2-1/2

[Event "Skakligaen 2005/06"]
[Site "Denmark"]
[Date "2005.11.05"]
[Round "1.3"]
[White "Sorensen, Bent"]
[Black "Andreasen, Henrik"]
[Result "0-1"]
[WhiteElo "2262"]
[BlackElo "2125"]
[PlyCount "48"]
[EventDate "2005.11.05"]
[EventType "team"]
[EventRounds "9"]
[EventCountry "DEN"]
[WhiteTeam "Norresundby"]
[BlackTeam "Foroyar"]
[WhiteTeamCountry "DEN"]
[BlackTeamCountry "DEN"]

1. Nf3 Nf6 2. g3 b6 3. Bg2 Bb7 4. O-O e6 5. c4 c5 6. d4 cxd4 7. Nxd4 Bxg2 8.
Kxg2 Be7 9. b3 O-O 10. Bb2 d5 11. cxd5 Qxd5+ 12. f3 Rd8 13. Qc1 Qb7 14. Rd1 Na6
15. Nc3 Rac8 16. Qf4 Bd6 17. Qh4 Nb4 18. e4 Be5 19. Nce2 Qa6 20. Qg5 Bxd4 21.
Bxd4 h6 22. Qe3 Nc2 23. Qf2 Nxa1 24. Rxa1 Qd3 0-1

[Event "Skakligaen 2005/06"]
[Site "Denmark"]
[Date "2005.11.05"]
[Round "1.4"]
[White "Petersen, Terji"]
[Black "Jorgensen, Jorgen"]
[Result "0-1"]
[WhiteElo "2020"]
[BlackElo "2274"]
[PlyCount "44"]
[EventDate "2005.11.05"]
[EventType "team"]
[EventRounds "9"]
[EventCountry "DEN"]
[WhiteTeam "Foroyar"]
[BlackTeam "Norresundby"]
[WhiteTeamCountry "DEN"]
[BlackTeamCountry "DEN"]

1. d4 Nf6 2. f3 d5 3. e4 dxe4 4. Nc3 exf3 5. Nxf3 Bg4 6. h3 Bh5 7. g4 Bg6 8.
Ne5 Nbd7 9. Qf3 c6 10. Nxg6 hxg6 11. Bg2 Qb6 12. O-O O-O-O 13. a4 Ne5 14. Qf2
Nexg4 15. a5 Qc7 16. Qf4 e5 17. dxe5 Bc5+ 18. Kh1 Nxe5 19. a6 b6 20. Na4 Nh5
21. Qh4 Rd4 22. Be4 Rxe4 0-1

[Event "Skakligaen 2005/06"]
[Site "Denmark"]
[Date "2005.11.05"]
[Round "1.5"]
[White "Pedersen, Svend"]
[Black "Hansen, Herluf"]
[Result "1/2-1/2"]
[WhiteElo "2260"]
[BlackElo "2005"]
[PlyCount "131"]
[EventDate "2005.11.05"]
[EventType "team"]
[EventRounds "9"]
[EventCountry "DEN"]
[WhiteTeam "Norresundby"]
[BlackTeam "Foroyar"]
[WhiteTeamCountry "DEN"]
[BlackTeamCountry "DEN"]

1. e4 e6 2. d3 d5 3. Nd2 Nf6 4. e5 Nfd7 5. f4 c5 6. g3 Nc6 7. Bg2 b5 8. Nh3 f6
9. exf6 Nxf6 10. Nf3 Bd6 11. O-O O-O 12. Re1 Qc7 13. Qe2 h6 14. c3 Rb8 15. Nf2
b4 16. Bh3 Re8 17. Ne5 bxc3 18. bxc3 Bxe5 19. fxe5 Nh7 20. Bg4 Ne7 21. Nh3 Rf8
22. Nf4 Nf5 23. Ng6 Re8 24. Rf1 Nf8 25. Nf4 Qf7 26. Ba3 Rb5 27. Qf2 d4 28. c4
Ra5 29. Bc1 g6 30. Bf3 Qg7 31. Re1 Ra6 32. Qe2 Bb7 33. a4 Bxf3 34. Qxf3 Rb6 35.
Ba3 Nd7 36. a5 Rb3 37. Qc6 Qf7 38. Bxc5 Nxc5 39. Qxc5 g5 40. Ne2 Rxd3 41. Rf1
Rd2 42. Nxd4 Qh5 43. Nf3 Rc2 44. Rf2 Rc3 45. Nd2 Nxg3 46. Re1 Nf5 47. Ne4 Qg4+
48. Rg2 Qh4 49. Qf2 Rc2 50. Qxh4 Rxg2+ 51. Kxg2 Nxh4+ 52. Kh3 Rc8 53. c5 Nf3
54. Rb1 Nxe5 55. a6 Rf8 56. Rb7 Rf7 57. Nd6 Rg7 58. Nb5 Nc6 59. Kg4 Kh7 60. Nd6
Na5 61. Rb8 Rc7 62. Ne4 Kg6 63. Rg8+ Kf7 64. Rb8 Kg7 65. Ra8 Kg6 66. Rg8+
1/2-1/2

[Event "Skakligaen 2005/06"]
[Site "Denmark"]
[Date "2005.11.05"]
[Round "1.6"]
[White "Hansen, Poul Martin"]
[Black "Nielsen, Tommy"]
[Result "1/2-1/2"]
[WhiteElo "1871"]
[BlackElo "2154"]
[PlyCount "93"]
[EventDate "2005.11.05"]
[EventType "team"]
[EventRounds "9"]
[EventCountry "DEN"]
[WhiteTeam "Foroyar"]
[BlackTeam "Norresundby"]
[WhiteTeamCountry "DEN"]
[BlackTeamCountry "DEN"]

1. d4 f5 2. Bg5 Nf6 3. Bxf6 exf6 4. e3 d5 5. Bd3 Nc6 6. c3 Bd6 7. Ne2 Ne7 8.
Nf4 c6 9. Nd2 Qc7 10. g3 Bd7 11. Qf3 O-O-O 12. O-O-O Kb8 13. Kb1 g5 14. Ne2 h5
15. h4 g4 16. Qg2 Nc8 17. Rhe1 Be6 18. Nb3 Qf7 19. Qf1 Bc7 20. Nbc1 Nd6 21. Nf4
Bc8 22. Nce2 Ne4 23. Bxe4 fxe4 24. Rc1 b6 25. Red1 Ba6 26. Qe1 Bd6 27. Qd2 Rd7
28. Ka1 Rb7 29. Kb1 Kc7 30. Ka1 Kd7 31. Qc2 Bxe2 32. Nxe2 b5 33. b4 Ra8 34. Kb2
a5 35. a3 Ra6 36. Ra1 Rba7 37. Rdb1 Qe8 38. Qb3 Qa8 39. Rc1 Qb7 40. Ra2 Qa8 41.
Rca1 Ke7 42. Nc1 Qc8 43. Qc2 Qf5 44. Qe2 Qf3 45. Qe1 Qf5 46. Nb3 a4 47. Nd2
1/2-1/2

[Event "Skakligaen 2005/06"]
[Site "Denmark"]
[Date "2005.11.05"]
[Round "1.7"]
[White "Willumsen, Henrik"]
[Black "Rimestad, Arild"]
[Result "1-0"]
[WhiteElo "2163"]
[BlackElo "1866"]
[PlyCount "61"]
[EventDate "2005.11.05"]
[EventType "team"]
[EventRounds "9"]
[EventCountry "DEN"]
[WhiteTeam "Norresundby"]
[BlackTeam "Foroyar"]
[WhiteTeamCountry "DEN"]
[BlackTeamCountry "DEN"]

1. e4 d5 2. exd5 Qxd5 3. Nc3 Qa5 4. d4 Bf5 5. Bc4 e6 6. Bd2 c6 7. Nf3 Nd7 8.
Qe2 Bb4 9. O-O Ngf6 10. a3 Bxc3 11. Bxc3 Qc7 12. Rfe1 Ne4 13. Nh4 Nxc3 14. bxc3
O-O 15. Nxf5 exf5 16. Qe7 Rac8 17. Qg5 g6 18. Re7 Qd6 19. Rae1 Nb6 20. Bb3 Rc7
21. h4 Nd5 22. Rxc7 Qxc7 23. h5 Qd6 24. h6 Nxc3 25. Qe7 Qxe7 26. Rxe7 Nb5 27.
Rxb7 a5 28. d5 Nxa3 29. dxc6 a4 30. Bxa4 Nc4 31. c7 1-0

[Event "Skakligaen 2005/06"]
[Site "Denmark"]
[Date "2005.11.05"]
[Round "1.8"]
[White "Gaard, Ingolf"]
[Black "Nielsen, John Bauneborg"]
[Result "1/2-1/2"]
[WhiteElo "1927"]
[BlackElo "2163"]
[PlyCount "85"]
[EventDate "2005.11.05"]
[EventType "team"]
[EventRounds "9"]
[EventCountry "DEN"]
[WhiteTeam "Foroyar"]
[BlackTeam "Norresundby"]
[WhiteTeamCountry "DEN"]
[BlackTeamCountry "DEN"]

1. d4 d5 2. c4 e6 3. Nc3 Be7 4. Nf3 a6 5. c5 Nc6 6. Bf4 Bf6 7. e3 g5 8. Bg3 g4
9. Ne5 Bxe5 10. Bxe5 Nxe5 11. dxe5 Qg5 12. Qa4+ Bd7 13. Qf4 Qxf4 14. exf4 Ne7
15. h3 gxh3 16. Rxh3 Ng6 17. g3 f6 18. exf6 Kf7 19. Rh5 Kxf6 20. Bd3 Be8 21.
Rh2 Kg7 22. O-O-O Bf7 23. Ne2 Nf8 24. Nd4 c6 25. Re1 Re8 26. Nf3 Nd7 27. b4 Bg6
28. Bxg6 hxg6 29. Rxh8 Kxh8 30. Ng5 Nf8 31. Kd2 Kg7 32. Kd3 Kf6 33. Nf3 Nd7 34.
Rh1 Re7 35. Re1 e5 36. fxe5+ Nxe5+ 37. Nxe5 Rxe5 38. Rxe5 Kxe5 39. f3 g5 40.
Ke3 Kf5 41. Kd4 Ke6 42. Kd3 Ke5 43. Ke3 1/2-1/2

[Event "Skakligaen 2005/06"]
[Site "Denmark"]
[Date "2005.11.05"]
[Round "1.1"]
[White "Hansen, Sune Berg"]
[Black "Matthiesen, Martin"]
[Result "1/2-1/2"]
[WhiteElo "2558"]
[BlackElo "2361"]
[PlyCount "117"]
[EventDate "2005.11.05"]
[EventType "team"]
[EventRounds "9"]
[EventCountry "DEN"]
[WhiteTeam "Helsingor"]
[BlackTeam "SK1968"]
[WhiteTeamCountry "DEN"]
[BlackTeamCountry "DEN"]

1. e4 e5 2. Nf3 Nf6 3. Nxe5 d6 4. Nf3 Nxe4 5. d4 d5 6. Bd3 Nc6 7. O-O Be7 8. c4
Nb4 9. Be2 O-O 10. a3 Nc6 11. cxd5 Qxd5 12. Nc3 Nxc3 13. bxc3 Bf5 14. Be3 Bf6
15. Nd2 Rfe8 16. Re1 Rad8 17. Qa4 Qa5 18. Qb3 Qb6 19. Qa2 Na5 20. Nc4 Nxc4 21.
Bxc4 Re7 22. Bf4 Bg6 23. Rxe7 Bxe7 24. Re1 Bd6 25. Bg5 Rf8 26. a4 Qa5 27. Bd2
c6 28. g3 Qd8 29. Qb3 b6 30. Qd1 Re8 31. Re3 Rxe3 32. Bxe3 Qd7 33. Be2 Bf5 34.
Bf3 Be6 35. Be4 Bd5 36. Qd3 Bxe4 37. Qxe4 Bf8 38. c4 Qe6 39. Qd3 Qd7 40. Qb3
Qd6 41. d5 cxd5 42. cxd5 Qd7 43. Bf4 Bd6 44. Bxd6 Qxd6 45. Qc2 Kf8 46. Qxh7
Qxd5 47. Qh8+ Ke7 48. Qxg7 Qd1+ 49. Kg2 Qd5+ 50. f3 Qa2+ 51. Kh3 Qxa4 52. Qe5+
Kf8 53. f4 Qc6 54. f5 a5 55. g4 a4 56. f6 Qf3+ 57. Kh4 Qf2+ 58. Kh3 Qf3+ 59.
Kh4 1/2-1/2

[Event "Skakligaen 2005/06"]
[Site "Denmark"]
[Date "2005.11.05"]
[Round "1.2"]
[White "Matthiesen, Arne"]
[Black "Mortensen, Erling"]
[Result "1/2-1/2"]
[WhiteElo "2368"]
[BlackElo "2474"]
[PlyCount "63"]
[EventDate "2005.11.05"]
[EventType "team"]
[EventRounds "9"]
[EventCountry "DEN"]
[WhiteTeam "SK1968"]
[BlackTeam "Helsingor"]
[WhiteTeamCountry "DEN"]
[BlackTeamCountry "DEN"]

1. d4 g6 2. Nf3 Bg7 3. c4 d6 4. Nc3 Nd7 5. g3 e5 6. Bg2 Nh6 7. c5 O-O 8. cxd6
cxd6 9. e4 Ng4 10. O-O exd4 11. Nxd4 Nc5 12. Nde2 a5 13. Bf4 Ne5 14. Rb1 Be6
15. b3 Qd7 16. Nd5 Rae8 17. Bh6 Bxd5 18. Bxg7 Bxb3 19. axb3 Kxg7 20. Qd4 Kg8
21. Rfd1 Rd8 22. Nf4 Nc6 23. Qc3 Nb4 24. e5 Qe7 25. exd6 Rxd6 26. Re1 Qc7 27.
Bxb7 Nbd3 28. Nxd3 Rxd3 29. Qc4 Rb8 30. b4 axb4 31. Rxb4 Rdd8 32. Rb5 1/2-1/2

[Event "Skakligaen 2005/06"]
[Site "Denmark"]
[Date "2005.11.05"]
[Round "1.3"]
[White "Holmsgaard, Henrik"]
[Black "Hansen, Lars"]
[Result "0-1"]
[WhiteElo "2255"]
[BlackElo "2344"]
[PlyCount "58"]
[EventDate "2005.11.05"]
[EventType "team"]
[EventRounds "9"]
[EventCountry "DEN"]
[WhiteTeam "Helsingor"]
[BlackTeam "SK1968"]
[WhiteTeamCountry "DEN"]
[BlackTeamCountry "DEN"]

1. e4 e6 2. d3 d5 3. Qe2 Nf6 4. Nf3 Bc5 5. e5 Nfd7 6. g3 f6 7. d4 Bb6 8. Bg2
O-O 9. O-O c5 10. exf6 Nxf6 11. c3 cxd4 12. cxd4 Nc6 13. Be3 Bd7 14. Nc3 Qe8
15. Rad1 Qh5 16. Bf4 Rae8 17. Rfe1 e5 18. dxe5 Ng4 19. Nxd5 Bxf2+ 20. Kh1 Bxe1
21. Qxe1 Ncxe5 22. Qd2 Nxf3 23. Bxf3 Bc6 24. Qg2 Kh8 25. Rf1 Rd8 26. Nc3 Bxf3
27. Rxf3 Nxh2 28. g4 Nxg4+ 29. Kg1 Qc5+ 0-1

[Event "Skakligaen 2005/06"]
[Site "Denmark"]
[Date "2005.11.05"]
[Round "1.4"]
[White "Sobjerg, Erik"]
[Black "Nielsen, Nicholas Roland"]
[Result "1/2-1/2"]
[WhiteElo "2288"]
[BlackElo "2172"]
[PlyCount "56"]
[EventDate "2005.11.05"]
[EventType "team"]
[EventRounds "9"]
[EventCountry "DEN"]
[WhiteTeam "SK1968"]
[BlackTeam "Helsingor"]
[WhiteTeamCountry "DEN"]
[BlackTeamCountry "DEN"]

1. e4 c5 2. Nf3 Nc6 3. Bb5 g6 4. O-O Bg7 5. c3 Nf6 6. Re1 O-O 7. e5 Nd5 8. d4
cxd4 9. cxd4 Nc7 10. Nc3 Nxb5 11. Nxb5 a6 12. Nc3 d6 13. exd6 Qxd6 14. d5 Nb4
15. Bg5 Re8 16. Qd2 Bxc3 17. bxc3 Nxd5 18. c4 Nc7 19. Rxe7 Qxd2 20. Nxd2 Rxe7
21. Bxe7 Be6 22. a4 Re8 23. Bf6 Rc8 24. Rc1 Nd5 25. Bd4 b5 26. axb5 axb5 27. g3
bxc4 28. Rxc4 Rxc4 1/2-1/2

[Event "Skakligaen 2005/06"]
[Site "Denmark"]
[Date "2005.11.05"]
[Round "1.5"]
[White "Larsen, Ole Bogh"]
[Black "Lindfeldt, Jan Magnus"]
[Result "1/2-1/2"]
[WhiteElo "2202"]
[BlackElo "2231"]
[PlyCount "61"]
[EventDate "2005.11.05"]
[EventType "team"]
[EventRounds "9"]
[EventCountry "DEN"]
[WhiteTeam "Helsingor"]
[BlackTeam "SK1968"]
[WhiteTeamCountry "DEN"]
[BlackTeamCountry "DEN"]

1. e4 e5 2. Nf3 Nc6 3. Bb5 a6 4. Ba4 Nf6 5. O-O Be7 6. Re1 b5 7. Bb3 O-O 8. h3
Bb7 9. d3 Re8 10. c3 h6 11. a4 Bf8 12. Nbd2 Na5 13. Bc2 c5 14. Qe2 d5 15. Nh2
d4 16. Ng4 Nc6 17. axb5 axb5 18. Rxa8 Bxa8 19. Nxf6+ Qxf6 20. Nf3 dxc3 21. bxc3
Rd8 22. Bb2 b4 23. cxb4 cxb4 24. Bb3 Bc5 25. Rc1 Bb6 26. Qc2 Kh7 27. Bd5 Nd4
28. Bxd4 Bxd4 29. Bxa8 Rxa8 30. Nxd4 exd4 31. Rb1 1/2-1/2

[Event "Skakligaen 2005/06"]
[Site "Denmark"]
[Date "2005.11.05"]
[Round "1.6"]
[White "Hansen, Bjarne"]
[Black "Jorgensen, Michael"]
[Result "1-0"]
[WhiteElo "2253"]
[BlackElo "2185"]
[PlyCount "89"]
[EventDate "2005.11.05"]
[EventType "team"]
[EventRounds "9"]
[EventCountry "DEN"]
[WhiteTeam "SK1968"]
[BlackTeam "Helsingor"]
[WhiteTeamCountry "DEN"]
[BlackTeamCountry "DEN"]

1. d4 f5 2. g3 Nf6 3. Bg2 g6 4. c3 Bg7 5. Qb3 c6 6. Nd2 d5 7. Nh3 Qb6 8. Nf3
Ne4 9. Nf4 O-O 10. O-O Na6 11. Be3 Nd6 12. Ne5 Nc7 13. Rfd1 Qb5 14. Qc2 Bxe5
15. a4 Qa6 16. dxe5 Nf7 17. Nd3 Ne6 18. a5 Rd8 19. Bf1 Bd7 20. f4 Qb5 21. Bf2
c5 22. e4 c4 23. Nb4 Bc6 24. exf5 gxf5 25. Qxf5 Ng7 26. Qg4 e6 27. b3 Be8 28.
Qe2 Rdc8 29. bxc4 dxc4 30. Rd4 Nf5 31. Rxc4 Qd7 32. g4 Ng7 33. Rxc8 Rxc8 34.
Bd4 h5 35. h3 hxg4 36. hxg4 Qe7 37. Qf2 Nh6 38. Be2 Qf7 39. Rf1 b6 40. axb6
axb6 41. Qg2 Qg6 42. Kf2 b5 43. Rh1 Bd7 44. Qh3 Qe4 45. Qxh6 1-0

[Event "Skakligaen 2005/06"]
[Site "Denmark"]
[Date "2005.11.05"]
[Round "1.7"]
[White "de Blecourt Dalsberg, Sandra"]
[Black "Alkaersig, Ole"]
[Result "0-1"]
[WhiteElo "2059"]
[BlackElo "2181"]
[PlyCount "116"]
[EventDate "2005.11.05"]
[EventType "team"]
[EventRounds "9"]
[EventCountry "DEN"]
[WhiteTeam "Helsingor"]
[BlackTeam "SK1968"]
[WhiteTeamCountry "DEN"]
[BlackTeamCountry "DEN"]

1. d4 d6 2. Bg5 Nd7 3. Nf3 g6 4. c4 Bg7 5. Nc3 Ngf6 6. e3 O-O 7. Be2 c6 8. O-O
a6 9. a4 a5 10. Qc2 Qc7 11. Rfd1 e5 12. Rac1 Re8 13. h3 exd4 14. Nxd4 Nc5 15.
Bf4 Nfd7 16. Ndb5 cxb5 17. Bxd6 Qb6 18. Nxb5 Be5 19. Bg4 Bxd6 20. Nxd6 Re7 21.
Rd5 h5 22. Bxh5 Nf8 23. Bf3 Be6 24. Rdd1 Rd8 25. Nb5 Bf5 26. Qc3 Be4 27. Rxd8
Qxd8 28. Rd1 Rd7 29. Nd4 Bxf3 30. gxf3 Nfe6 31. Kh2 Qh4 32. Kg2 Qg5+ 33. Kh2
Qe5+ 34. f4 Qc7 35. Nxe6 Nxe6 36. Rxd7 Qxd7 37. Qxa5 Qc6 38. Kg3 Qxc4 39. Qa8+
Kg7 40. Qxb7 Qxa4 41. Qd5 Qb4 42. Qe5+ Kg8 43. f5 gxf5 44. Qxf5 Qxb2 45. h4 Ng7
46. Qc8+ Kh7 47. Qg4 Qe5+ 48. Kg2 Kh6 49. Qd7 Qf6 50. e4 Ne6 51. e5 Qg6+ 52.
Kf1 Qf5 53. Qe8 Kg7 54. Qb8 Qh3+ 55. Ke2 Qxh4 56. Qd6 Qe4+ 57. Kf1 Nf4 58. f3
Qe3 0-1

[Event "Skakligaen 2005/06"]
[Site "Denmark"]
[Date "2005.11.05"]
[Round "1.8"]
[White "Sogaard, Soren"]
[Black "Jensen, Ib"]
[Result "1-0"]
[WhiteElo "2247"]
[BlackElo "2004"]
[PlyCount "69"]
[EventDate "2005.11.05"]
[EventType "team"]
[EventRounds "9"]
[EventCountry "DEN"]
[WhiteTeam "SK1968"]
[BlackTeam "Helsingor"]
[WhiteTeamCountry "DEN"]
[BlackTeamCountry "DEN"]

1. d4 Nf6 2. Bg5 Ne4 3. Bf4 d5 4. e3 c6 5. Nd2 Qb6 6. Rb1 Bf5 7. Ngf3 e6 8.
Nxe4 Bxe4 9. a3 c5 10. Bd3 Nc6 11. c3 Bxd3 12. Qxd3 c4 13. Qd1 Be7 14. e4 Qd8
15. O-O O-O 16. Re1 Re8 17. Qd2 b5 18. Ne5 Nxe5 19. Bxe5 a5 20. Qf4 Ra7 21. Qg3
f6 22. Bf4 Rb7 23. Re3 Kh8 24. h4 e5 25. dxe5 fxe5 26. Bxe5 Bxh4 27. Qh2 Bf6
28. Bxf6 gxf6 29. Rd1 Rd7 30. e5 d4 31. cxd4 Rxd4 32. Rxd4 Qxd4 33. Qh6 Qd8 34.
exf6 Rf8 35. Qg7# 1-0

[Event "Skakligaen 2005/06"]
[Site "Denmark"]
[Date "2005.11.06"]
[Round "2.1"]
[White "Pedersen, Christian Kyndel"]
[Black "Hector, Jonny"]
[Result "0-1"]
[WhiteElo "2405"]
[BlackElo "2509"]
[PlyCount "82"]
[EventDate "2005.11.05"]
[EventType "team"]
[EventRounds "9"]
[EventCountry "DEN"]
[WhiteTeam "Nordre"]
[BlackTeam "Nordkalotten"]
[WhiteTeamCountry "DEN"]
[BlackTeamCountry "DEN"]

1. e4 e5 2. Nf3 Nc6 3. Bb5 Bc5 4. c3 f5 5. d3 fxe4 6. dxe4 Nf6 7. O-O d6 8.
Nbd2 Qe7 9. b4 Bb6 10. Qc2 O-O 11. Nc4 Bg4 12. Nxb6 axb6 13. Nh4 Qf7 14. f3 Be6
15. Nf5 Kh8 16. a3 Nh5 17. Bb2 Nf4 18. Ne3 Na7 19. Bd3 b5 20. Nd5 Nxd3 21. Qxd3
Nc8 22. f4 Qd7 23. fxe5 Re8 24. c4 bxc4 25. Qg3 Bxd5 26. exd5 dxe5 27. Bxe5 Nd6
28. Rae1 Rf8 29. Rxf8+ Rxf8 30. Bb2 Kg8 31. h3 Rf5 32. Qg4 h5 33. Qd4 Qf7 34.
Re5 Rf1+ 35. Kh2 Qf4+ 36. Qxf4 Rxf4 37. Kg3 Rf1 38. Re2 Rd1 39. Be5 Rxd5 40.
Kh4 Nf5+ 41. Kg5 Ne7 0-1

[Event "Skakligaen 2005/06"]
[Site "Denmark"]
[Date "2005.11.06"]
[Round "2.2"]
[White "Brynell, Stellan"]
[Black "Christensen, Jan Schleicher"]
[Result "1-0"]
[WhiteElo "2496"]
[BlackElo "2243"]
[PlyCount "81"]
[EventDate "2005.11.05"]
[EventType "team"]
[EventRounds "9"]
[EventCountry "DEN"]
[WhiteTeam "Nordkalotten"]
[BlackTeam "Nordre"]
[WhiteTeamCountry "DEN"]
[BlackTeamCountry "DEN"]

1. e4 e5 2. Nf3 Nc6 3. Bb5 f5 4. d3 fxe4 5. dxe4 Nf6 6. O-O Bc5 7. Qe2 d6 8.
Qc4 Qe7 9. Nc3 a6 10. Bxc6+ bxc6 11. Be3 Nd7 12. Na4 Bxe3 13. Qxc6 Bxf2+ 14.
Rxf2 Ra7 15. Nd2 Kd8 16. Nb3 Nf6 17. Nc3 Qe6 18. Qa4 Bd7 19. Qb4 Ke7 20. Raf1
Bc6 21. Na5 Ba8 22. Qa4 Qd7 23. Qc4 c6 24. Rd2 Qc7 25. b4 Qb6+ 26. Kh1 Rd7 27.
a3 Re8 28. Qe2 Kf8 29. Nc4 Qc7 30. Ne3 Kg8 31. Rfd1 Red8 32. Qxa6 Bb7 33. Qc4+
Kh8 34. Qe2 h6 35. Rf1 d5 36. Nf5 d4 37. Na4 Qc8 38. Nc5 Rf7 39. Qc4 Rc7 40.
Nxh6 Kh7 41. Nf7 1-0

[Event "Skakligaen 2005/06"]
[Site "Denmark"]
[Date "2005.11.06"]
[Round "2.3"]
[White "Petersen, Tom Petri"]
[Black "Nielsen, Lars Aaes"]
[Result "0-1"]
[WhiteElo "2241"]
[BlackElo "2182"]
[PlyCount "84"]
[EventDate "2005.11.05"]
[EventType "team"]
[EventRounds "9"]
[EventCountry "DEN"]
[WhiteTeam "Nordre"]
[BlackTeam "Nordkalotten"]
[WhiteTeamCountry "DEN"]
[BlackTeamCountry "DEN"]

1. e4 e6 2. d3 d5 3. Nd2 c5 4. g3 Nc6 5. Bg2 Nf6 6. Ngf3 dxe4 7. dxe4 Be7 8.
O-O Qc7 9. c3 O-O 10. Re1 e5 11. Qe2 h6 12. Qf1 Rd8 13. Nh4 Bf8 14. Bh3 Bxh3
15. Qxh3 b5 16. Nf5 b4 17. Qf1 Rd7 18. Nc4 Rad8 19. f4 bxc3 20. bxc3 Rd3 21.
fxe5 Ng4 22. Bf4 g5 23. Qe2 Ngxe5 24. Bxe5 Nxe5 25. Nxe5 Qxe5 26. Nd4 c4 27.
Kg2 Rd7 28. Rac1 Bc5 29. Nf3 Qe6 30. Qf1 g4 31. Nd4 Bxd4 32. cxd4 R7xd4 33. Qf4
c3 34. Rb1 c2 35. Rb8+ Kg7 36. Re2 Rf3 37. Qc1 Rxe4 38. Qb2+ Rf6 39. Rxc2 Re1
40. Qd4 Re2+ 41. Rxe2 Qxe2+ 42. Kg1 Qf1# 0-1

[Event "Skakligaen 2005/06"]
[Site "Denmark"]
[Date "2005.11.06"]
[Round "2.4"]
[White "Jakobsen, Peter"]
[Black "Hoiberg, Nina"]
[Result "1/2-1/2"]
[WhiteElo "2162"]
[BlackElo "2252"]
[PlyCount "115"]
[EventDate "2005.11.05"]
[EventType "team"]
[EventRounds "9"]
[EventCountry "DEN"]
[WhiteTeam "Nordkalotten"]
[BlackTeam "Nordre"]
[WhiteTeamCountry "DEN"]
[BlackTeamCountry "DEN"]

1. c4 e5 2. g3 d6 3. Bg2 c6 4. Nc3 Nd7 5. e4 Ngf6 6. Nge2 Be7 7. O-O h5 8. h3
h4 9. g4 Nf8 10. f3 Ne6 11. Kh1 Nd7 12. d4 Bg5 13. d5 cxd5 14. cxd5 Nf4 15.
Nxf4 Bxf4 16. Bxf4 exf4 17. Qd2 Qf6 18. Ne2 g5 19. Nd4 O-O 20. Rfc1 a5 21. Bf1
Nc5 22. Bb5 Rd8 23. Rc3 Bd7 24. Bxd7 Rxd7 25. Rac1 Qd8 26. Nf5 b6 27. Qd4 f6
28. Qd2 Kf7 29. Nd4 Qe8 30. Qe2 Kg6 31. Re1 Rc8 32. Qb5 Rb7 33. Qxe8+ Rxe8 34.
Nf5 Rd8 35. Rb1 Ra7 36. Ra3 Rdd7 37. Nd4 Kf7 38. Nc6 Rab7 39. b4 axb4 40. Rxb4
Kg7 41. Ra8 Nd3 42. Rb3 Ne5 43. Rc8 Rbc7 44. Rxc7 Rxc7 45. Nd4 Rc1+ 46. Kg2 Nc4
47. Nf5+ Kf8 48. Rb4 Rc2+ 49. Kg1 Rc1+ 50. Kf2 Ne5 51. Rxb6 Rc2+ 52. Kf1 Nxf3
53. Rb8+ Kf7 54. Rb7+ Ke8 55. Nxd6+ Kd8 56. Nf7+ Kc8 57. Nd6+ Kd8 58. Nf7+
1/2-1/2